|
|
|
|
| LEADER |
01495nam a2200421 a 4500 |
| 001 |
000548785 |
| 003 |
CZ BrMZK |
| 005 |
20171103093255.0 |
| 008 |
000115s2000 xr e cze d |
| 015 |
|
|
|a cnb000962835
|
| 020 |
|
|
|a 80-7185-253-8
|
| 035 |
|
|
|a (OCoLC)44741170
|
| 040 |
|
|
|a BOA001
|b cze
|
| 072 |
|
7 |
|a 821.162.3-3
|x Česká próza
|2 Konspekt
|9 25
|
| 080 |
|
|
|a 821.162.3-3
|2 MRF
|
| 080 |
|
|
|a 159.933
|2 MRF
|
| 080 |
|
|
|a 159.93
|2 MRF
|
| 080 |
|
|
|a (0:82-3)
|2 MRF
|
| 080 |
|
|
|a (049)
|2 MRF
|
| 080 |
|
|
|a (084.11)
|2 MRF
|
| 100 |
1 |
|
|a Váchal, Josef,
|d 1884-1969
|7 jk01141125
|4 aut
|
| 245 |
1 |
0 |
|a Josefa Váchala Mystika čichu /
|c [doslov Jiří Olič]
|
| 250 |
|
|
|a Vyd. 2.
|
| 260 |
|
|
|a Praha :
|b Paseka,
|c 2000
|
| 300 |
|
|
|a 243 s. :
|b il. ;
|c 11 cm
|
| 490 |
1 |
|
|a Knihy Josefa Váchala ;
|v sv. 8
|
| 500 |
|
|
|a Reprint původního tisku z roku 1920
|
| 650 |
0 |
7 |
|a čich
|7 ph128176
|2 czenas
|
| 650 |
0 |
7 |
|a smyslové vnímání
|7 ph116195
|2 czenas
|
| 655 |
|
7 |
|a české prózy
|7 fd133972
|2 czenas
|
| 655 |
|
7 |
|a pojednání
|7 fd133056
|2 czenas
|
| 655 |
|
7 |
|a obrazové publikace
|7 fd132947
|2 czenas
|
| 700 |
1 |
|
|a Olič, Jiří,
|d 1947-
|7 jn19990218077
|4 wfw
|
| 800 |
1 |
|
|a Váchal, Josef,
|d 1884-1969.
|t Knihy
|0 s
|
| 856 |
4 |
1 |
|u http://www.digitalniknihovna.cz/mzk/uuid/uuid:10e300b0-f442-11e6-8094-005056827e52
|y Digitalizovaný dokument
|x NDK
|
| 910 |
|
|
|a BOA001
|b S-1081.660
|
| 990 |
|
|
|a BK
|
| 996 |
6 |
|
|b 2610128705
|c S-1081.660
|l MZK
|r Sklad / do 24 hodin
|n 15
|p p.v.
|w 000548785
|u 000010
|a 1
|e BOA001
|j MZK50
|s P
|